| 000 | 00807nam a22002057a 4500 | ||
|---|---|---|---|
| 999 |
_c16407 _d16407 |
||
| 003 | AR-CdUCM | ||
| 008 | 190225b ||||| |||| 00| 0 spa d | ||
| 040 |
_aMUNICIPALIDAD PROVINCIAL DEL CUSCO _cBIBLIOTECA MUNICIPAL DEL CUSCO |
||
| 082 |
_a849.97 / _bSA26 |
||
| 100 |
_aSaulnier, V. L. _914315 |
||
| 245 | _aLa literatura francesa del siglo romántico / | ||
| 260 |
_bEudeba, _c1962. _aArgentina : |
||
| 300 |
_a71 paginas ; _c25 cm. |
||
| 440 |
_aCuadernos de Eudeba. _n82 _935835 |
||
| 505 | _aContenido :La generación del mal del siglo -- La generación de Balzac -- La generación del segundo imperio -- La generación naturalista y simbolista -- La generación de la buena época ... | ||
| 650 |
_aSimbolismo. _912398 |
||
| 650 |
_aSiglo XX. _98 |
||
| 942 |
_2ddc _cLIBROS |
||
| 945 |
_arum _d2019-05-03 |
||